[Event "Portugal Open Semirrapidas"]
[Site "Lisboa POR"]
[Date "2020.02.02"]
[Round "5.23"]
[White "GUERRA, Vitor"]
[Black "SILVA, Tiago"]
[Result "1-0"]
[BlackElo "1710"]
[WhiteElo "2164"]
[LiveChessVersion "1.4.8"]

1. d4 {[%clk 0:15:07]} d5 {[%clk 0:15:09]} 2. Nf3 {[%clk 0:15:02]} Nf6
{[%clk 0:15:12]} 3. g3 {[%clk 0:15:02]} e6 {[%clk 0:15:16]} 4. Bg2
{[%clk 0:15:05]} Be7 {[%clk 0:15:20]} 5. O-O {[%clk 0:15:06]} O-O
{[%clk 0:15:24]} 6. c4 {[%clk 0:15:09]} dxc4 {[%clk 0:15:28]} 7. Ne5
{[%clk 0:14:47]} Nc6 {[%clk 0:15:32]} 8. Nxc6 {[%clk 0:14:31]} bxc6
{[%clk 0:15:36]} 9. Nc3 {[%clk 0:14:18]} Rb8 {[%clk 0:15:28]} 10. Bxc6
{[%clk 0:11:48]} Bb7 {[%clk 0:13:39]} 11. Bxb7 {[%clk 0:08:20]} Rxb7
{[%clk 0:13:43]} 12. e4 {[%clk 0:07:45]} c5 {[%clk 0:13:27]} 13. dxc5
{[%clk 0:05:42]} Bxc5 {[%clk 0:13:30]} 14. Qe2 {[%clk 0:05:32]} Qd3
{[%clk 0:13:16]} 15. Re1 {[%clk 0:05:02]} Rd8 {[%clk 0:12:29]} 16. Bg5
{[%clk 0:04:49]} Qxe2 {[%clk 0:08:17]} 17. Rxe2 {[%clk 0:04:47]} h6
{[%clk 0:08:12]} 18. Bxf6 {[%clk 0:04:14]} gxf6 {[%clk 0:08:17]} 19. Rc1
{[%clk 0:04:10]} Rdb8 {[%clk 0:07:25]} 20. Rcc2 {[%clk 0:02:50]} Bd4
{[%clk 0:07:10]} 21. Nd1 {[%clk 0:02:30]} Rc7 {[%clk 0:06:01]} 22. Kg2
{[%clk 0:02:20]} e5 {[%clk 0:05:33]} 23. Ne3 {[%clk 0:02:17]} Bxe3
{[%clk 0:05:04]} 24. Rxe3 {[%clk 0:02:21]} Rcb7 {[%clk 0:04:50]} 25. Ree2
{[%clk 0:02:18]} Kg7 {[%clk 0:04:28]} 26. Kf3 {[%clk 0:02:22]} Rb4
{[%clk 0:03:53]} 27. Red2 {[%clk 0:02:22]} R8b7 {[%clk 0:03:40]} 28. h4
{[%clk 0:02:18]} Kg6 {[%clk 0:03:14]} 29. Ke3 {[%clk 0:02:00]} Ra4
{[%clk 0:02:10]} 30. a3 {[%clk 0:01:40]} Rb3+ {[%clk 0:02:14]} 31. Ke2
{[%clk 0:01:32]} c3 {[%clk 0:01:48]} 32. Rxc3 {[%clk 0:00:49]} Rxc3
{[%clk 0:01:19]} 33. bxc3 {[%clk 0:00:50]} Rxe4+ {[%clk 0:01:22]} 34. Kd3
{[%clk 0:00:49]} Ra4 {[%clk 0:01:25]} 35. Ra2 {[%clk 0:00:50]} Kf5
{[%clk 0:01:26]} 36. f3 {[%clk 0:00:45]} h5 {[%clk 0:01:21]} 37. c4
{[%clk 0:00:46]} Ke6 {[%clk 0:01:17]} 38. Kc3 {[%clk 0:00:47]} Ra6
{[%clk 0:00:55]} 39. c5 {[%clk 0:00:49]} f5 {[%clk 0:00:39]} 40. Kb4
{[%clk 0:00:47]} Rc6 {[%clk 0:00:34]} 41. Rd2 {[%clk 0:00:46]} a6
{[%clk 0:00:25]} 42. Rd8 {[%clk 0:00:46]} Ke7 {[%clk 0:00:26]} 43. Rh8
{[%clk 0:00:43]} e4 {[%clk 0:00:16]} 44. fxe4 {[%clk 0:00:40]} fxe4 45. Rxh5
{[%clk 0:00:44]} Re6 {[%clk 0:00:15]} 46. Rf5 {[%clk 0:00:39]} e3
{[%clk 0:00:17]} 47. Rf1 {[%clk 0:00:43]} e2 {[%clk 0:00:16]} 48. Re1
{[%clk 0:00:47]} Re3 {[%clk 0:00:19]} 49. g4 {[%clk 0:00:37]} Re4+
{[%clk 0:00:10]} 50. Ka5 {[%clk 0:00:39]} Re3 {[%clk 0:00:13]} 51. a4
{[%clk 0:00:39]} Re5 {[%clk 0:00:14]} 52. Kxa6 {[%clk 0:00:41]} Kd7
{[%clk 0:00:12]} 53. Kb6 {[%clk 0:00:43]} Re6+ {[%clk 0:00:14]} 54. Kb5
{[%clk 0:00:47]} Kc7 {[%clk 0:00:18]} 55. g5 {[%clk 0:00:48]} Kb7
{[%clk 0:00:13]} 56. h5 {[%clk 0:00:50]} Re8 {[%clk 0:00:13]} 57. h6
{[%clk 0:00:51]} f5 {[%clk 0:00:11]} 58. gxf6 {[%clk 0:00:50]} Ka8
{[%clk 0:00:13]} 59. h7 {[%clk 0:00:44]} Rb8+ {[%clk 0:00:12]} 60. Kc4
{[%clk 0:00:47]} Re8 {[%clk 0:00:17]} 61. Rxe2 {[%clk 0:00:45]} Rc8
{[%clk 0:00:07]} 62. f7 {[%clk 0:00:46]} Kb8 {[%clk 0:00:09]} 63. Re8
{[%clk 0:00:49]} 1-0

[Event "Portugal Open Semirrapidas"]
[Site "Lisboa POR"]
[Date "2020.02.02"]
[Round "5.24"]
[White "VINAGRE, Pedro"]
[Black "BASHIRLI, Nail"]
[Result "0-1"]
[BlackElo "2153"]
[WhiteElo "1800"]
[LiveChessVersion "1.4.8"]

1. e4 c5 {[%clk 0:14:50]} 2. c3 {[%clk 0:15:03]} Nf6 {[%clk 0:14:52]} 3. e5
{[%clk 0:15:04]} Nd5 {[%clk 0:14:56]} 4. Nf3 {[%clk 0:15:05]} d6 {[%clk 0:15:00]}
5. Bb5+ {[%clk 0:14:46]} Nc6 {[%clk 0:14:57]} 6. exd6 {[%clk 0:14:07]} e6
{[%clk 0:14:57]} 7. d4 {[%clk 0:13:49]} Bxd6 {[%clk 0:14:53]} 8. dxc5
{[%clk 0:13:47]} Bxc5 {[%clk 0:14:57]} 9. O-O {[%clk 0:11:52]} O-O
{[%clk 0:14:58]} 10. Bg5 {[%clk 0:11:33]} f6 {[%clk 0:14:44]} 11. Bh4
{[%clk 0:11:35]} e5 {[%clk 0:14:47]} 12. Nbd2 {[%clk 0:11:24]} Be6
{[%clk 0:14:30]} 13. Ne4 {[%clk 0:10:49]} Be7 {[%clk 0:14:08]} 14. Qa4
{[%clk 0:09:26]} Qb6 {[%clk 0:14:02]} 15. Ned2 {[%clk 0:08:33]} a6
{[%clk 0:14:00]} 16. Bxc6 {[%clk 0:08:33]} bxc6 {[%clk 0:14:03]} 17. Nc4
{[%clk 0:08:03]} Qb5 {[%clk 0:14:07]} 18. Qxb5 {[%clk 0:08:06]} axb5
{[%clk 0:14:07]} 19. Ncd2 {[%clk 0:07:56]} Nf4 {[%clk 0:14:10]} 20. b3
{[%clk 0:07:41]} g5 {[%clk 0:13:55]} 21. Bg3 {[%clk 0:07:44]} Ne2+
{[%clk 0:13:55]} 22. Kh1 {[%clk 0:07:46]} Nxc3 {[%clk 0:13:59]} 23. Rfc1
{[%clk 0:07:30]} b4 {[%clk 0:14:03]} 24. Ne1 {[%clk 0:06:15]} Rfd8
{[%clk 0:14:02]} 25. Nf1 {[%clk 0:05:50]} c5 {[%clk 0:13:59]} 26. f3
{[%clk 0:05:41]} Rxa2 {[%clk 0:14:02]} 27. Rxa2 {[%clk 0:05:39]} Nxa2
{[%clk 0:14:06]} 28. Ra1 {[%clk 0:05:41]} Bxb3 {[%clk 0:14:10]} 29. Ne3
{[%clk 0:05:35]} c4 {[%clk 0:14:13]} 30. N1c2 {[%clk 0:05:14]} Bxc2
{[%clk 0:14:16]} 31. Nxc2 {[%clk 0:05:17]} b3 {[%clk 0:14:20]} 0-1

[Event "Portugal Open Semirrapidas"]
[Site "Lisboa POR"]
[Date "2020.02.02"]
[Round "5.25"]
[White "NETO, Horacio"]
[Black "TABOAS RODRIGUEZ, Daniel"]
[Result "0-1"]
[BlackElo "2411"]
[WhiteElo "2006"]
[LiveChessVersion "1.4.8"]

1. Nf3 {[%clk 0:10:01]} Nf6 {[%clk 0:15:10]} 2. d4 {[%clk 0:10:00]} g6
{[%clk 0:15:14]} 3. c4 {[%clk 0:10:02]} Bg7 {[%clk 0:15:18]} 4. Nc3
{[%clk 0:10:06]} O-O {[%clk 0:15:22]} 5. e4 {[%clk 0:10:07]} d6 {[%clk 0:15:26]}
6. Be2 {[%clk 0:10:05]} e5 {[%clk 0:15:30]} 7. O-O {[%clk 0:09:37]} Nc6
{[%clk 0:15:33]} 8. d5 {[%clk 0:09:41]} Ne7 {[%clk 0:15:37]} 9. Ne1
{[%clk 0:09:30]} Ne8 {[%clk 0:15:40]} 10. Nd3 {[%clk 0:09:27]} f5
{[%clk 0:15:44]} 11. f3 {[%clk 0:09:30]} f4 {[%clk 0:15:46]} 12. Bd2
{[%clk 0:09:31]} h5 {[%clk 0:15:49]} 13. c5 {[%clk 0:09:22]} g5 {[%clk 0:15:53]}
14. b4 {[%clk 0:08:35]} Rf6 {[%clk 0:15:53]} 15. Nf2 {[%clk 0:08:19]} Rg6
{[%clk 0:15:55]} 16. a4 {[%clk 0:08:05]} Nf6 {[%clk 0:15:59]} 17. h3
{[%clk 0:07:46]} Kf7 {[%clk 0:14:57]} 18. a5 {[%clk 0:07:39]} Neg8
{[%clk 0:14:42]} 19. c6 {[%clk 0:07:36]} Nh6 {[%clk 0:14:32]} 20. cxb7
{[%clk 0:07:24]} Bxb7 {[%clk 0:14:36]} 21. Rc1 {[%clk 0:07:22]} g4
{[%clk 0:14:11]} 22. fxg4 {[%clk 0:05:57]} hxg4 {[%clk 0:14:14]} 23. Nxg4
{[%clk 0:05:56]} Nfxg4 {[%clk 0:11:51]} 24. hxg4 {[%clk 0:05:56]} a6
{[%clk 0:11:51]} 25. b5 {[%clk 0:05:41]} Qh4 {[%clk 0:11:49]} 26. Be1
{[%clk 0:05:27]} Qg5 {[%clk 0:11:51]} 27. bxa6 {[%clk 0:05:25]} Bxa6
{[%clk 0:11:54]} 28. Nb5 {[%clk 0:03:29]} Bxb5 {[%clk 0:11:50]} 29. Rxc7+
{[%clk 0:03:15]} Kg8 {[%clk 0:11:52]} 30. Bxb5 {[%clk 0:03:17]} Nxg4
{[%clk 0:11:56]} 31. Qf3 {[%clk 0:02:07]} Qh5 {[%clk 0:10:40]} 32. Rf2
{[%clk 0:01:42]} Qh2+ {[%clk 0:10:00]} 33. Kf1 {[%clk 0:01:46]} Ne3+
{[%clk 0:10:03]} 34. Ke2 {[%clk 0:01:46]} Rg3 {[%clk 0:10:03]} 0-1

[Event "Portugal Open Semirrapidas"]
[Site "Lisboa POR"]
[Date "2020.02.02"]
[Round "5.26"]
[White "BABA, Masahiro"]
[Black "FERNANDES, Miguel"]
[Result "1-0"]
[BlackElo "1987"]
[WhiteElo "2274"]
[LiveChessVersion "1.4.8"]

1. e4 {[%clk 0:15:07]} c6 {[%clk 0:15:09]} 2. d4 {[%clk 0:15:11]} d5
{[%clk 0:15:11]} 3. Nc3 {[%clk 0:15:14]} dxe4 {[%clk 0:15:15]} 4. Nxe4
{[%clk 0:15:17]} Nf6 {[%clk 0:15:18]} 5. Nxf6+ {[%clk 0:15:21]} exf6
{[%clk 0:15:21]} 6. c3 {[%clk 0:15:25]} Bd6 {[%clk 0:15:24]} 7. Bd3
{[%clk 0:15:28]} O-O {[%clk 0:15:23]} 8. Ne2 {[%clk 0:15:25]} Re8
{[%clk 0:15:25]} 9. Qc2 {[%clk 0:15:28]} h5 {[%clk 0:15:28]} 10. Be3
{[%clk 0:15:03]} Be6 {[%clk 0:15:24]} 11. O-O-O {[%clk 0:14:55]} Nd7
{[%clk 0:15:10]} 12. c4 {[%clk 0:14:39]} Nf8 {[%clk 0:14:51]} 13. Nc3
{[%clk 0:14:23]} a6 {[%clk 0:14:12]} 14. h3 {[%clk 0:14:09]} b5 {[%clk 0:13:47]}
15. c5 {[%clk 0:13:38]} Be7 {[%clk 0:13:23]} 16. Be4 {[%clk 0:12:27]} Rc8
{[%clk 0:11:45]} 17. d5 {[%clk 0:11:43]} cxd5 {[%clk 0:11:44]} 18. Nxd5
{[%clk 0:11:46]} Bxd5 {[%clk 0:11:22]} 19. Rxd5 {[%clk 0:10:52]} Qa5
{[%clk 0:11:07]} 20. Kb1 {[%clk 0:10:29]} g6 {[%clk 0:10:43]} 21. h4
{[%clk 0:09:32]} f5 {[%clk 0:10:35]} 22. Bxf5 {[%clk 0:08:21]} gxf5
{[%clk 0:10:26]} 23. Qxf5 {[%clk 0:08:22]} Ng6 {[%clk 0:09:32]} 24. g4
{[%clk 0:08:21]} Qa4 {[%clk 0:06:09]} 25. gxh5 {[%clk 0:08:07]} Nxh4
{[%clk 0:05:47]} 26. Rg1+ {[%clk 0:07:06]} Kh8 {[%clk 0:05:50]} 27. Qxf7
{[%clk 0:06:34]} Qe4+ {[%clk 0:04:06]} 28. Ka1 {[%clk 0:06:03]} Rg8
{[%clk 0:04:08]} 29. Bd4+ {[%clk 0:04:30]} Qxd4 {[%clk 0:04:11]} 30. Rxg8+
{[%clk 0:04:34]} Rxg8 {[%clk 0:04:14]} 31. Qxg8+ {[%clk 0:04:37]} Kxg8
{[%clk 0:04:18]} 32. Rxd4 {[%clk 0:04:41]} Nf5 {[%clk 0:03:23]} 33. Rd5
{[%clk 0:04:40]} Ng7 {[%clk 0:03:23]} 34. c6 {[%clk 0:04:31]} Ne6
{[%clk 0:02:45]} 35. c7 {[%clk 0:04:18]} 1-0

[Event "Portugal Open Semirrapidas"]
[Site "Lisboa POR"]
[Date "2020.02.02"]
[Round "5.27"]
[White "SARKAR, Justin"]
[Black "MARQUES, Rui"]
[Result "1-0"]
[BlackElo "1896"]
[WhiteElo "2240"]
[LiveChessVersion "1.4.8"]

1. e4 {[%clk 0:13:05]} c5 {[%clk 0:15:07]} 2. Nf3 {[%clk 0:12:52]} d6
{[%clk 0:15:11]} 3. d4 {[%clk 0:12:55]} cxd4 {[%clk 0:15:14]} 4. Nxd4
{[%clk 0:12:58]} Nf6 {[%clk 0:15:18]} 5. Nc3 {[%clk 0:13:02]} g6 {[%clk 0:15:22]}
6. Be3 {[%clk 0:12:38]} Bg7 {[%clk 0:15:25]} 7. Be2 {[%clk 0:12:03]} Nc6
{[%clk 0:15:28]} 8. O-O {[%clk 0:12:02]} O-O {[%clk 0:15:31]} 9. Nb3
{[%clk 0:12:04]} Be6 {[%clk 0:15:23]} 10. f4 {[%clk 0:11:53]} Rc8
{[%clk 0:15:17]} 11. Bf3 {[%clk 0:11:40]} Na5 {[%clk 0:14:40]} 12. e5
{[%clk 0:10:03]} Nd7 {[%clk 0:14:10]} 13. Nxa5 {[%clk 0:08:42]} Qxa5
{[%clk 0:14:10]} 14. exd6 {[%clk 0:08:40]} exd6 {[%clk 0:13:50]} 15. Bd4
{[%clk 0:08:11]} Bxd4+ {[%clk 0:11:43]} 16. Qxd4 {[%clk 0:08:14]} Rc4
{[%clk 0:10:44]} 17. Qxd6 {[%clk 0:07:51]} Nc5 {[%clk 0:10:03]} 18. Rfd1
{[%clk 0:06:12]} Qb4 {[%clk 0:09:22]} 19. Rab1 {[%clk 0:05:27]} Rxc3
{[%clk 0:05:45]} 20. bxc3 {[%clk 0:05:28]} Qxc3 {[%clk 0:05:49]} 21. Qe5
{[%clk 0:04:19]} 1-0

[Event "Portugal Open Semirrapidas"]
[Site "Lisboa POR"]
[Date "2020.02.02"]
[Round "5.28"]
[White "MARTINS, Bruno"]
[Black "QUINTINO, Luis"]
[Result "1-0"]
[BlackElo "1850"]
[WhiteElo "2235"]
[LiveChessVersion "1.4.8"]

1. e4 {[%clk 0:15:10]} d5 {[%clk 0:15:11]} 2. exd5 {[%clk 0:15:13]} Qxd5
{[%clk 0:15:15]} 3. Nc3 {[%clk 0:15:16]} Qa5 {[%clk 0:15:18]} 4. d4
{[%clk 0:15:17]} c6 {[%clk 0:15:22]} 5. Bc4 {[%clk 0:15:17]} Nf6 {[%clk 0:15:23]}
6. Nf3 {[%clk 0:15:20]} Bg4 {[%clk 0:15:26]} 7. h3 {[%clk 0:15:24]} Bxf3
{[%clk 0:15:26]} 8. Qxf3 {[%clk 0:15:26]} e6 {[%clk 0:15:29]} 9. O-O
{[%clk 0:14:42]} Be7 {[%clk 0:15:20]} 10. Bf4 {[%clk 0:14:10]} Nbd7
{[%clk 0:15:23]} 11. a3 {[%clk 0:11:31]} O-O {[%clk 0:15:14]} 12. b4
{[%clk 0:09:54]} Qd8 {[%clk 0:15:13]} 13. Rfd1 {[%clk 0:08:38]} Nb6
{[%clk 0:15:09]} 14. Bd3 {[%clk 0:08:33]} Nbd5 {[%clk 0:15:12]} 15. Nxd5
{[%clk 0:07:37]} Qxd5 {[%clk 0:15:01]} 16. Qe3 {[%clk 0:06:57]} Rfe8
{[%clk 0:14:29]} 17. c4 {[%clk 0:06:53]} Qd7 {[%clk 0:14:05]} 18. Be5
{[%clk 0:06:13]} g6 {[%clk 0:12:46]} 19. g4 {[%clk 0:03:43]} Qd8 {[%clk 0:11:58]}
20. Bg3 {[%clk 0:02:18]} Nd7 {[%clk 0:11:33]} 21. Be4 {[%clk 0:01:44]} Nb6
{[%clk 0:10:39]} 22. Qb3 {[%clk 0:01:47]} Bh4 {[%clk 0:08:59]} 23. Be5
{[%clk 0:01:09]} Bf6 {[%clk 0:08:58]} 24. f4 {[%clk 0:00:57]} Bxe5
{[%clk 0:08:53]} 25. dxe5 {[%clk 0:01:00]} Qh4 {[%clk 0:08:55]} 26. a4
{[%clk 0:00:48]} Rad8 {[%clk 0:08:55]} 27. a5 {[%clk 0:00:51]} Nc8
{[%clk 0:08:00]} 28. a6 {[%clk 0:00:50]} bxa6 {[%clk 0:08:00]} 29. Bxc6
{[%clk 0:00:47]} Rxd1+ {[%clk 0:08:02]} 30. Rxd1 {[%clk 0:00:51]} Rd8
{[%clk 0:08:03]} 31. Kg2 {[%clk 0:00:47]} Rxd1 {[%clk 0:07:21]} 32. Qxd1
{[%clk 0:00:50]} Qe7 {[%clk 0:04:40]} 33. c5 {[%clk 0:00:37]} f6 {[%clk 0:03:10]}
34. Qd7 {[%clk 0:00:28]} Qxd7 {[%clk 0:02:25]} 35. Bxd7 {[%clk 0:00:31]} Ne7
{[%clk 0:02:25]} 36. c6 {[%clk 0:00:30]} 1-0

[Event "Portugal Open Semirrapidas"]
[Site "Lisboa POR"]
[Date "2020.02.02"]
[Round "5.29"]
[White "VASLI, Aref"]
[Black "CORDEIRO, Joao"]
[Result "1-0"]
[BlackElo "1833"]
[WhiteElo "2202"]
[LiveChessVersion "1.4.8"]

1. e4 {[%clk 0:15:08]} c5 {[%clk 0:15:09]} 2. Nf3 {[%clk 0:15:12]} d6
{[%clk 0:15:13]} 3. Bb5+ {[%clk 0:15:16]} Bd7 {[%clk 0:15:17]} 4. Bd3
{[%clk 0:15:13]} Nc6 {[%clk 0:14:59]} 5. c3 {[%clk 0:15:17]} g6 {[%clk 0:14:58]}
6. O-O {[%clk 0:15:20]} Bg7 {[%clk 0:15:02]} 7. Bc2 {[%clk 0:15:24]} e6
{[%clk 0:15:04]} 8. d4 {[%clk 0:15:26]} cxd4 {[%clk 0:15:07]} 9. cxd4
{[%clk 0:15:27]} Nge7 {[%clk 0:14:55]} 10. Nc3 {[%clk 0:15:30]} Nb4
{[%clk 0:14:08]} 11. Bb3 {[%clk 0:15:05]} O-O {[%clk 0:13:25]} 12. a3
{[%clk 0:15:09]} Nbc6 {[%clk 0:13:21]} 13. Bf4 {[%clk 0:14:55]} e5
{[%clk 0:13:06]} 14. Bg5 {[%clk 0:14:58]} h6 {[%clk 0:12:54]} 15. Be3
{[%clk 0:15:00]} Bg4 {[%clk 0:12:44]} 16. Ne2 {[%clk 0:14:13]} Kh7
{[%clk 0:12:16]} 17. dxe5 {[%clk 0:12:27]} dxe5 {[%clk 0:11:30]} 18. Nc3
{[%clk 0:12:05]} f5 {[%clk 0:11:11]} 19. Nd5 {[%clk 0:11:48]} fxe4
{[%clk 0:10:41]} 20. Ng5+ {[%clk 0:11:38]} hxg5 {[%clk 0:09:51]} 21. Qxg4
{[%clk 0:11:42]} Nxd5 {[%clk 0:09:35]} 22. Qh3+ {[%clk 0:10:48]} Bh6
{[%clk 0:08:01]} 23. Bxd5 {[%clk 0:10:51]} Qxd5 {[%clk 0:07:38]} 24. Bxg5
{[%clk 0:10:54]} Kg8 {[%clk 0:06:55]} 25. Qxh6 {[%clk 0:10:51]} Qf7 26. Rae1
{[%clk 0:10:25]} Qh7 {[%clk 0:06:46]} 27. Qxh7+ {[%clk 0:10:24]} Kxh7
{[%clk 0:06:50]} 28. Rxe4 {[%clk 0:10:28]} Rf7 {[%clk 0:06:50]} 29. Rd1
{[%clk 0:10:31]} Raf8 {[%clk 0:06:54]} 30. Be3 {[%clk 0:10:21]} Rc7
{[%clk 0:06:08]} 31. b4 {[%clk 0:10:09]} a6 {[%clk 0:06:02]} 32. Bb6
{[%clk 0:10:12]} Rcf7 {[%clk 0:05:58]} 33. g3 {[%clk 0:10:08]} Rg7
{[%clk 0:05:29]} 34. Kg2 {[%clk 0:09:48]} Rff7 {[%clk 0:05:31]} 35. a4
{[%clk 0:09:41]} Rd7 {[%clk 0:05:28]} 36. Rxd7 {[%clk 0:09:44]} Rxd7
{[%clk 0:05:32]} 37. b5 {[%clk 0:09:48]} axb5 {[%clk 0:05:13]} 38. axb5
{[%clk 0:09:52]} Nd4 {[%clk 0:04:55]} 39. Rxe5 {[%clk 0:09:49]} Nf5
{[%clk 0:04:47]} 40. g4 {[%clk 0:09:44]} Nd6 {[%clk 0:04:46]} 41. Rd5
{[%clk 0:09:47]} 1-0

[Event "Portugal Open Semirrapidas"]
[Site "Lisboa POR"]
[Date "2020.02.02"]
[Round "5.30"]
[White "SIMOES, Miguel"]
[Black "HULSHOF, Peter"]
[Result "0-1"]
[BlackElo "2190"]
[WhiteElo "1923"]
[LiveChessVersion "1.4.8"]

1. e4 {[%clk 0:15:08]} g6 {[%clk 0:15:09]} 2. Nf3 {[%clk 0:15:03]} Bg7
{[%clk 0:15:12]} 3. d4 {[%clk 0:15:04]} c6 {[%clk 0:15:15]} 4. Nc3
{[%clk 0:14:39]} d5 {[%clk 0:15:18]} 5. Be3 {[%clk 0:13:08]} dxe4
{[%clk 0:15:17]} 6. Nxe4 {[%clk 0:13:08]} Nd7 {[%clk 0:15:20]} 7. Bc4
{[%clk 0:12:56]} Ndf6 {[%clk 0:15:03]} 8. Neg5 {[%clk 0:12:07]} Nd5
{[%clk 0:14:50]} 9. O-O {[%clk 0:11:42]} Ngf6 {[%clk 0:14:41]} 10. Ne5
{[%clk 0:11:25]} O-O {[%clk 0:14:42]} 11. Bb3 {[%clk 0:11:09]} h6
{[%clk 0:14:32]} 12. Ngxf7 {[%clk 0:10:42]} Rxf7 {[%clk 0:14:34]} 13. Nxf7
{[%clk 0:10:45]} Kxf7 {[%clk 0:14:37]} 14. c4 {[%clk 0:10:46]} Nxe3
{[%clk 0:14:29]} 15. fxe3 {[%clk 0:10:47]} Bf5 {[%clk 0:14:10]} 16. c5+
{[%clk 0:10:32]} e6 {[%clk 0:14:03]} 17. Qf3 {[%clk 0:09:50]} Kg8
{[%clk 0:13:48]} 18. h3 {[%clk 0:09:43]} Qe7 {[%clk 0:13:21]} 19. Rae1
{[%clk 0:09:16]} Bd3 {[%clk 0:12:05]} 20. Qg3 {[%clk 0:07:26]} Kh7
{[%clk 0:11:23]} 21. Rf3 {[%clk 0:06:57]} Ne4 {[%clk 0:09:51]} 22. Qg4
{[%clk 0:05:58]} Re8 {[%clk 0:09:01]} 23. Rf4 {[%clk 0:05:21]} Nf6
{[%clk 0:08:05]} 24. Qd1 {[%clk 0:05:02]} Be4 {[%clk 0:08:07]} 25. Ref1
{[%clk 0:04:31]} e5 {[%clk 0:07:57]} 26. dxe5 {[%clk 0:04:15]} Qxe5
{[%clk 0:07:59]} 27. Qd4 {[%clk 0:04:13]} Qxd4 {[%clk 0:07:53]} 28. exd4
{[%clk 0:04:16]} Nd5 {[%clk 0:06:58]} 29. Rf7 {[%clk 0:03:41]} Kg8
{[%clk 0:06:34]} 30. Rxb7 {[%clk 0:03:35]} Bxd4+ {[%clk 0:06:37]} 31. Kh1
{[%clk 0:03:08]} Bxc5 {[%clk 0:05:20]} 32. Rc1 {[%clk 0:01:48]} Bb6
{[%clk 0:04:56]} 33. Rxc6 {[%clk 0:01:42]} Kh8 {[%clk 0:04:59]} 34. Rd6
{[%clk 0:01:21]} Nf4 {[%clk 0:04:55]} 35. Rbd7 {[%clk 0:01:17]} Bxg2+
{[%clk 0:04:41]} 36. Kh2 {[%clk 0:01:20]} Bxh3 {[%clk 0:04:19]} 37. Rf7
{[%clk 0:01:08]} Bf5 {[%clk 0:04:12]} 38. Rd2 {[%clk 0:00:50]} Be3
{[%clk 0:03:35]} 39. Rd1 {[%clk 0:00:46]} Nd3 {[%clk 0:03:13]} 40. Rxf5
{[%clk 0:00:48]} gxf5 {[%clk 0:03:13]} 41. Rxd3 {[%clk 0:00:51]} Kg7
{[%clk 0:03:00]} 42. Kg3 {[%clk 0:00:51]} f4+ {[%clk 0:03:04]} 43. Kf3
{[%clk 0:00:55]} Re7 {[%clk 0:02:48]} 44. Bd5 {[%clk 0:00:48]} Rc7
{[%clk 0:01:47]} 45. Be4 {[%clk 0:00:48]} Rc1 {[%clk 0:01:51]} 46. Rd7+
{[%clk 0:00:48]} Kf6 {[%clk 0:01:53]} 47. Bd3 {[%clk 0:00:27]} Rd1
{[%clk 0:01:48]} 48. Bb5 {[%clk 0:00:30]} Rxd7 {[%clk 0:01:48]} 49. Bxd7
{[%clk 0:00:34]} Ke5 {[%clk 0:01:46]} 50. Bg4 {[%clk 0:00:35]} Kd4
{[%clk 0:01:50]} 51. Bh5 {[%clk 0:00:37]} Kd3 {[%clk 0:01:51]} 52. Bg6+
{[%clk 0:00:39]} Kd2 {[%clk 0:01:55]} 53. a3 {[%clk 0:00:29]} Kc1
{[%clk 0:01:56]} 54. b4 {[%clk 0:00:33]} Kb2 {[%clk 0:02:00]} 55. a4
{[%clk 0:00:27]} Ka3 {[%clk 0:02:04]} 56. b5 {[%clk 0:00:28]} Kxa4
{[%clk 0:02:07]} 57. Be8 {[%clk 0:00:32]} Kb4 {[%clk 0:02:10]} 58. Kg4
{[%clk 0:00:32]} Bd2 {[%clk 0:02:04]} 59. Bc6 {[%clk 0:00:34]} Kc5
{[%clk 0:02:04]} 60. Be8 {[%clk 0:00:32]} h5+ {[%clk 0:01:34]} 61. Kxh5
{[%clk 0:00:16]} f3 {[%clk 0:01:38]} 62. Bc6 {[%clk 0:00:20]} f2 {[%clk 0:01:42]}
63. Bg2 {[%clk 0:00:24]} Kxb5 {[%clk 0:01:46]} 64. Kg4 {[%clk 0:00:25]} a5
{[%clk 0:01:37]} 65. Kf3 {[%clk 0:00:28]} Be1 {[%clk 0:01:31]} 66. Bf1+
{[%clk 0:00:22]} Kb4 {[%clk 0:01:35]} 67. Ke2 {[%clk 0:00:26]} Kb3
{[%clk 0:01:37]} 68. Kd1 {[%clk 0:00:22]} Kb2 {[%clk 0:01:39]} 69. Bc4
{[%clk 0:00:20]} a4 {[%clk 0:01:41]} 70. Ke2 {[%clk 0:00:24]} a3 {[%clk 0:01:45]}
71. Kf1 {[%clk 0:00:28]} a2 {[%clk 0:01:49]} 72. Bxa2 {[%clk 0:00:32]} Kxa2
{[%clk 0:01:53]} 73. Ke2 {[%clk 0:00:30]} Kb2 {[%clk 0:01:57]} 0-1

[Event "Portugal Open Semirrapidas"]
[Site "Lisboa POR"]
[Date "2020.02.02"]
[Round "5.31"]
[White "DURAO, Miguel"]
[Black "CHKHAIDZE, Nikoloz"]
[Result "0-1"]
[BlackElo "2178"]
[WhiteElo "1876"]
[LiveChessVersion "1.4.8"]

1. e4 {[%clk 0:15:07]} e5 {[%clk 0:14:59]} 2. Nf3 {[%clk 0:15:10]} Nc6
{[%clk 0:15:03]} 3. d4 {[%clk 0:15:13]} exd4 {[%clk 0:15:04]} 4. Bc4
{[%clk 0:15:16]} Nf6 {[%clk 0:15:03]} 5. e5 {[%clk 0:15:20]} d5 {[%clk 0:15:06]}
6. Bb5 {[%clk 0:15:23]} Ne4 {[%clk 0:15:10]} 7. Nxd4 {[%clk 0:15:26]} Bd7
{[%clk 0:15:14]} 8. Bxc6 {[%clk 0:15:29]} bxc6 {[%clk 0:15:18]} 9. O-O
{[%clk 0:15:30]} Bc5 {[%clk 0:15:19]} 10. Be3 {[%clk 0:15:15]} O-O
{[%clk 0:15:12]} 11. f3 {[%clk 0:15:18]} Ng5 {[%clk 0:15:16]} 12. f4
{[%clk 0:15:22]} Ne4 {[%clk 0:15:19]} 13. Nd2 {[%clk 0:15:21]} Qb8
{[%clk 0:15:10]} 14. Nxe4 {[%clk 0:14:28]} dxe4 {[%clk 0:15:14]} 15. Qc1
{[%clk 0:13:45]} Qb6 {[%clk 0:15:12]} 16. c3 {[%clk 0:13:38]} f5 {[%clk 0:15:15]}
17. Nc2 {[%clk 0:12:25]} Be6 {[%clk 0:15:05]} 18. Bxc5 {[%clk 0:11:21]} Qxc5+
{[%clk 0:15:09]} 19. Qe3 {[%clk 0:11:25]} Qb6 {[%clk 0:14:58]} 20. b3
{[%clk 0:11:07]} Rfd8 {[%clk 0:15:01]} 21. Rfd1 {[%clk 0:10:33]} a5
{[%clk 0:14:59]} 22. Qxb6 {[%clk 0:10:00]} cxb6 {[%clk 0:15:03]} 23. Nd4
{[%clk 0:09:58]} Bd7 {[%clk 0:11:40]} 24. e6 {[%clk 0:09:46]} c5 {[%clk 0:11:44]}
25. exd7 {[%clk 0:08:44]} cxd4 {[%clk 0:11:48]} 26. Rxd4 {[%clk 0:08:46]} Kf7
{[%clk 0:11:34]} 27. Rad1 {[%clk 0:08:09]} Ra7 {[%clk 0:11:38]} 28. Rd6
{[%clk 0:06:46]} g6 {[%clk 0:11:41]} 29. Kf2 {[%clk 0:06:00]} Ke7
{[%clk 0:11:45]} 30. Rxb6 {[%clk 0:06:04]} Raxd7 {[%clk 0:11:36]} 31. Rxd7+
{[%clk 0:06:06]} Rxd7 {[%clk 0:11:41]} 32. Ke2 {[%clk 0:06:10]} Rd3
{[%clk 0:10:59]} 33. c4 {[%clk 0:05:11]} a4 {[%clk 0:10:56]} 34. Rb4
{[%clk 0:04:53]} axb3 {[%clk 0:10:28]} 35. axb3 {[%clk 0:04:41]} Kd6
{[%clk 0:10:23]} 36. Rb5 {[%clk 0:03:48]} Kc6 {[%clk 0:10:22]} 37. b4
{[%clk 0:03:25]} Rb3 {[%clk 0:10:20]} 38. Rb8 {[%clk 0:02:43]} Rb2+
{[%clk 0:10:21]} 39. Kf1 {[%clk 0:02:35]} Rc2 {[%clk 0:10:22]} 40. Rc8+
{[%clk 0:02:21]} Kd7 {[%clk 0:10:10]} 41. Rc5 {[%clk 0:02:21]} e3
{[%clk 0:10:14]} 42. Rd5+ {[%clk 0:02:11]} Kc7 {[%clk 0:10:16]} 43. c5
{[%clk 0:01:45]} Rf2+ {[%clk 0:10:17]} 44. Ke1 {[%clk 0:01:10]} Rxg2
{[%clk 0:10:10]} 45. b5 {[%clk 0:00:38]} Rxh2 {[%clk 0:10:11]} 46. Re5
{[%clk 0:00:41]} Rb2 {[%clk 0:09:51]} 47. Re7+ {[%clk 0:00:28]} Kd8
{[%clk 0:09:55]} 48. Rb7 {[%clk 0:00:30]} g5 {[%clk 0:08:24]} 49. fxg5
{[%clk 0:00:00]} f4 0-1